000 00275nam a22001337a 4500
003 SGT
082 _aKEE
100 _aKEEGAN, WARREN J.
245 _aGLOBAL MARKETING M,ANAGEMENT
250 _a8TH
260 _aPEARSON INDIA
_c2017
300 _a476
942 _2ddc
_cBK
_01
999 _c14246
_d14246